Carranza's Clinical Periodontolog (Record no. 15607)

MARC details
000 -LEADER
fixed length control field 00375nam a22001577a 4500
003 - CONTROL NUMBER IDENTIFIER
control field SGT
020 ## - INTERNATIONAL STANDARD BOOK NUMBER
International Standard Book Number 9788131244500
082 ## - DEWEY DECIMAL CLASSIFICATION NUMBER
Classification number 617.645
Item number C17N
100 ## - MAIN ENTRY--PERSONAL NAME
Personal name NEWMAN, Dwarakanath
245 ## - TITLE STATEMENT
Title Carranza's Clinical Periodontolog
250 ## - EDITION STATEMENT
Edition statement 2ND SOUTH ASIA
260 ## - PUBLICATION, DISTRIBUTION, ETC. (IMPRINT)
Place of publication, distribution, etc NEW DELHI
Name of publisher, distributor, etc Elsevier India
Year of Publication 2017
300 ## - PAGE DESCRIPTION
No. of Pages 761
650 ## - SUBJECT ADDED ENTRY--TOPICAL TERM
Topical term or geographic name as entry element Periodontolog
942 ## - ADDED ENTRY ELEMENTS (KOHA)
Source of classification or shelving scheme Dewey Decimal Classification
Koha item type Books
942 ## - ADDED ENTRY ELEMENTS (KOHA)
-- 169
Holdings
Withdrawn status Lost status Source of classification or shelving scheme Damaged status Not for loan Home library Current library Shelving location Date acquired Vendor Name Cost, normal purchase price SGTU Bill Number Total Checkouts Total Renewals Full call number Accession No. (Barcode) Date last seen Date last borrowed Bill Date Koha item type Checked out
    Dewey Decimal Classification     SGT Dental Library SGT Dental Library Text Book 16/06/2018 ABC 2445.00 SGTU 9730 70 1 617.645 C17N FD7886 20/01/2026 16/01/2026 15/05/2018 Books  
    Dewey Decimal Classification     SGT Dental Library SGT Dental Library Text Book 16/06/2018 ABC 2445.00 SGTU 9730 72   617.645 C17N FD7887 16/01/2026 16/01/2026 15/05/2018 Books  
    Dewey Decimal Classification     SGT Dental Library SGT Dental Library Text Book 16/06/2018 ABC 2445.00 SGTU 9730 67   617.645 C17N FD7888 29/08/2025 29/08/2025 15/05/2018 Books  
    Dewey Decimal Classification     SGT Dental Library SGT Dental Library Text Book 16/06/2018 ABC 2445.00 SGTU 9730 53   617.645 C17N FD7889 02/05/2026 02/05/2026 15/05/2018 Books 16/05/2026
    Dewey Decimal Classification     SGT Dental Library SGT Dental Library Text Book 16/06/2018 ABC 2445.00 SGTU 9730 28   617.645 C17N FD7890 12/09/2025 12/09/2025 15/05/2018 Books